00329nam a22001217a 450000500170000002000230001703500230004003700130006310000150007624500440009126000480013530000240018320180723171119.0 a8176487228c695.00 aB-216390, B-216389 aDPLbENG aKhan, J.A. aProbing war and warfare /cby J.A. Khan aNew DelhibAPH Publishing Corporationc2005 axli, 254p.c20 cms.